Weaving the visions : new patterns in feminist spirituality (Record no. 36975)

MARC details
000 -LEADER
fixed length control field 00492nam a2200169Ia 4500
020 ## - INTERNATIONAL STANDARD BOOK NUMBER
ISBN 0060613831
050 ## - CALL MARK
Classification number BL 625.7 .W43/
245 #0 - TITLE STATEMENT
Title Weaving the visions : new patterns in feminist spirituality
260 ## - PUBLICATION, DISTRIBUTION, ETC. (IMPRINT)
Place of publication San Francisco
260 ## - PUBLICATION, DISTRIBUTION, ETC. (IMPRINT)
Name of publisher Harper & Row
260 ## - PUBLICATION, DISTRIBUTION, ETC. (IMPRINT)
Year of publication 1989
300 ## - PHYSICAL DESCRIPTION
Number of Pages 359 p
650 ## - SUBJECT ADDED ENTRY--TOPICAL TERM
Topical Term Women --Religious life. Feminism --Religious aspects. Women --Religious aspects.
942 ## - ADDED ENTRY ELEMENTS (KOHA)
Koha item type Books
Holdings
Withdrawn status Lost status Source of classification or shelving scheme Damaged status Not for loan Permanent Location Current Location Date acquired Accession Number Price effective from Koha item type
    Library of Congress Classification     NILE UNIVERSITY OF NIGERIA - MAIN LIBRARY NILE UNIVERSITY OF NIGERIA - MAIN LIBRARY 04/23/2025 0010260 04/23/2025 Books